00713nam a2200181Ia 4500100001500000650002000015942000700035366000900042654002000051245003700071260004100108082001700149300000800166546001200174999001700186952016400203952016400367 aGarde/R.J  aFluid Mechanics cBK f17.5 afluid mechanics aFluid Mechancis through problems bNew Age Int (P) LtdaMumbaic1997 a532/GARbGAR a632 aENGLISH c35449d35449 001040708CRCaCRCEbCRCEd2023-03-17eEducational books and periodicalsg206.25i140 dt08/01/2009l0o532/GAR GARp19272r2023-03-17v250.00w0000-00-00yBK 001040708CRCaCRCEbCRCEd2023-03-17eEducational books and periodicalsg206.25i140 dt08/01/2009l0o532/GAR GARp19273r2023-03-17v250.00w0000-00-00yBK